Online
Catalog

Acrósticos / (Record no. 31440)

MARC details
000 -CABECERA
campo de control de longitud fija 00889nam a2200205 a 4500
001 - NÚMERO DE CONTROL
campo de control 000031949
005 - FECHA Y HORA DE LA ÚLTIMA TRANSACCIÓN
campo de control 20240412074255.0
008 - DATOS DE LONGITUD FIJA--INFORMACIÓN GENERAL
campo de control de longitud fija 110707s19uu dr 000 p spa d
040 ## - FUENTE DE LA CATALOGACIÓN
Centro catalogador/agencia de origen DO-SdBNP
Lengua de catalogación spa
Centro/agencia transcriptor BNPHU
082 ## - NÚMERO DE LA CLASIFICACIÓN DECIMAL DEWEY
Número de clasificación RD861.42
Número de documento/Ítem C468a
049 ## - FONDOS LOCALES (OCLC)
Fondos de biblioteca BNPD
100 1# - ENTRADA PRINCIPAL--NOMBRE DE PERSONA
Nombre de persona Chapuseaux A., Adalberto
9 (RLIN) 58117
245 10 - MENCIÓN DE TÍTULO
Título Acrósticos /
Mención de responsabilidad, etc. Adalberto Chapuseaux A. ; prólogo acróstico Ofelio Pujol.
260 ## - PUBLICACIÓN, DISTRIBUCIÓN, ETC.
Lugar de publicación, distribución, etc. Santiago de los caballeros , República Dominicana :
Nombre del editor, distribuidor, etc. Imprenta Muchas Gracias,
Fecha de publicación, distribución, etc. [19--].
300 ## - DESCRIPCIÓN FÍSICA
Extensión 130 p. ;
Dimensiones 22 cm.
500 ## - NOTA GENERAL
Nota general Dedicado a los padres de la patria con motivo del primer centenario de la independencia de la República Dominicana ; Juan Pablo Duarte, Francisco del Rosario Sánchez, Ramón Matías Mella, Rafael L. Trujillo Molina
650 #0 - PUNTO DE ACCESO ADICIONAL DE MATERIA--TÉRMINO DE MATERIA
Término de materia o nombre geográfico como elemento de entrada Poesía dominicana
9 (RLIN) 66
650 #0 - PUNTO DE ACCESO ADICIONAL DE MATERIA--TÉRMINO DE MATERIA
Término de materia o nombre geográfico como elemento de entrada Literatura dominicana.
9 (RLIN) 67
910 ## - DATOS DE OPCIÓN DEL USUARIO (OCLC)
Datos de opción del usuario Validado. Control de calidad MFF
Holdings
Estado de retiro Estado de pérdida No para préstamo Código de colección Localización permanente Ubicación/localización actual Ubicación en estantería Fecha de adquisición Número de inventario Total de préstamos Signatura topográfica completa Código de barras Fecha visto por última vez Precio válido a partir de Tipo de ítem Koha
    Excluido de préstamo Patrimonio Dominicano Patrimonio Dominicano Patrimonio Dominicano Depósito 07.07.2011 LF1   RD861.42 C468a 31949-10 25.06.2020 25.06.2020 Libro y Folleto Colección Patrimonio Dominicano

Powered by Koha